000 00354nam a2200157Ia 4500
003 Ost
005 20260225132552.0
008 260225s9999||||xx |||||||||||||| ||und||
040 _cfsic
041 _afre
082 _a440
100 _aR.Deldime
_eAuteur
245 0 _aIntroduction à la psycho-pédagogie /
245 0 _cR.Deldime
942 _cكتاب
999 _c34225
_d34225